000 00820nas a2200253 4500
001 BR9203741
003 BR-BrBNA
005 20231205095053.0
007 ta
008 230509b bl.|||p| |||| 00| 00por d
040 _aBR-BrBNA
_bpor
_cBiblioteca Nacional de Agricultura
041 _a(Pt)
072 _aF62
100 1 _aCosta, E.C.
100 1 _aMarques, E.N.
100 1 _aLink, D.
245 1 _aPeriodo pupal, emergencia e distribuicao de galhos cortados por Oncideres impluviata (Germar, 1824)em povoamentos de bracatinga
650 _aBracatinga
650 _aArvore Florestal
650 _aCrescimento
773 0 _tRevista do Centro de Ciencias Rurais (Brazil)
_xISSN 0085-5901
_g(Jul-Dec 1988), v. 18(3-4) p. 229-237
_wBR9203741
909 _a202311
_bLúcia
_c55
_dLúcia Elande
942 _2AGRIS
_n0
_cANA
999 _c148558
_d148558